000
00249nam a2200097Ia 4500
001
734527
005
20250826163835.0
008
250824s9999 xx 000 0 und d
245
0
_a
YOK DAHA NELER SERİSİ-3
_c
ASENA MERİÇ
260
_b
YEDİVEREN ÇOCUK
999
_c
734527
_d
734527